| 000 | 00632nam a22001815i 4500 | ||
|---|---|---|---|
| 001 | 157155 | ||
| 003 | ES-MaACL | ||
| 005 | 20250728110715.0 | ||
| 008 | 040809s1860 fr |||| | fre d | ||
| 040 |
_aCAM _bspa _cCAM |
||
| 100 | 1 |
_aLarroque, Patrice. _9128708 |
|
| 245 | 1 | 0 |
_aRénovation religieuse / _cpar Patrice Larroque. |
| 260 |
_aParis : _bLibrairie Étrangére de Bohné et Schultz ; _aBruxelles : _bFr. van Meenen et Cie. ; _aLeipsick : _bAlphonse Durr, _c1860. |
||
| 300 |
_a374 p. ; _c22 cm. |
||
| 650 | 0 | 7 |
_aReligión _2embne _916797 |
| 852 |
_aES-MaACL _jG-12096 _z-- Enc. hol. |
||
| 999 |
_c157155 _d157155 |
||